期刊信息 |
| 索取号 |
N5/HEBSH
|
| 题名 |
哈尔滨师范大学自然科学学报
|
| 作者 |
哈尔滨师范大学自然科学学报编辑部
|
| 分册号 |
|
| 分册名 |
|
| 出版地 |
哈尔滨
|
| 出版者 |
该刊编辑部
|
| 标准刊号 |
1000-5617
|
| 出版频率 |
季刊
|
| 中图法分类 |
N5
|
| 主题词 |
自然科学 丛书; 自然科学 文集; 自然科学 连续出版物
|
| 电子资源 | |
| |
|
| 000 | 01848nas0 2200409 45 | |
| 001 | 0730153078 | |
| 005 | 20070423103548.45 | |
| 011 | @a1000-5617 @d¥5.00(1996) | |
| 091 | @a23-1190 | |
| 092 | @aCN @b14-180 | |
| 100 | @a19960216a19859999km y0chiy0110 ea | |
| 101 | 0 | @achi @deng @eeng |
| 102 | @aCN @b230000 | |
| 106 | @ar | |
| 110 | @aagaz 0yy0 | |
| 200 | 1 | @a哈尔滨师范大学自然科学学报 @Aha er bin shi fan da xue zi ran ke xue xue bao @dNatural sciences journal of Harbin Normal University @f哈尔滨师范大学自然科学学报编辑部@FHa Er Bin Shi Fan Da Xue Zi Ran Ke Xue Xue Bao Bian Ji Bu@zeng @b期刊 |
| 207 | 0 | @a1985,no.1(1985,3,25)-1986,no.4(1986,12,25) = 总13-20 @av.3,no.1(1987,3,15)- = 总21- |
| 210 | @a哈尔滨 @b黑龙江省哈尔滨市南岗和兴路50号 @c该刊编辑部 @d1985- | |
| 215 | @d26cm | |
| 311 | @aContinues: @a哈尔滨师范大学学报 @i自然科学版 | |
| 326 | @a季刊@b1985-1997 | |
| 326 | @a双月刊 @b1998- | |
| 345 | @a编辑部地址:黑龙江省哈尔滨市南岗和兴路50号(邮编150080);Tel.:(0451)6304889 | |
| 430 | 1 | @11 200@a哈尔滨师范大学学报 @i自然科学版 |
| 510 | 1 | @aNatural Sciences Journal of Harbin Normal University @zeng |
| 606 | 0 | @a自然科学@x丛书 |
| 606 | 0 | @a自然科学@x文集 |
| 606 | 0 | @a自然科学@x连续出版物 |
| 610 | 0 | @a自然科学 @a师范教育 @a哈尔滨师范大学 @a学报 |
| 690 | @aN5@v4 | |
| 690 | @aG659.283.5 @v4 | |
| 701 | 0 | @a王选章 @Awang xuan zhang @4主编 |
| 701 | 0 | @a徐国林 @Axu guo lin @4主编 |
| 711 | 02 | @a哈尔滨师范大学 @Aha er bin shi fan da xue @4主办 |
| 711 | 02 | @a哈尔滨师范大学自然科学学报编辑部@AHa Er Bin Shi Fan Da Xue Zi Ran Ke Xue Xue Bao Bian Ji Bu |
| 801 | 0 | @aCN @bNLC @c20070423@dxz @emyy @f20020624 @gISBD(S) @b00 @c20021005 @lNLC01 @h0716 @b01 @c20021114 @lNLC01 @h1400 @b40 @c20031114 @lNLC01 @h1101 @b40 @c20060420 @lNLC01 @h1039 |
| 905 | @aTJWY@dN5@eHEBSH | |
| 哈尔滨师范大学自然科学学报 =Natural sciences journal of Harbin Normal University /哈尔滨师范大学自然科学学报编辑部[期刊 ].-1985,no.1(1985,3,25)-1986,no.4(1986,12,25) = 总13-20 ;v.3,no.1(1987,3,15)- = 总21- .-哈尔滨 (黑龙江省哈尔滨市南岗和兴路50号 ):该刊编辑部 ,1985- |
| 26cm |
| 编辑部地址:黑龙江省哈尔滨市南岗和兴路50号(邮编150080);Tel.:(0451)6304889 !T订购地址:*.-继承: |
| ISSN 1000-5617 :¥5.00(1996) |
| ● |
| 相关链接: |
|
|
|
|